000 00772nam a2200193Ia 4500
003 GCL
008 140319s9999 xx 000 0 ara d
040 _aGCL /
_cGCL
082 0 4 _a364.019
_bس ت
100 1 _aسمير عبدالمنعم ابو العينين
245 1 0 _aالتفسيرات الاولية لدوافع السلوك الاجرامى فى العصور القديمة /
_cسمير عبدالمنعم ابو العينين
260 _aالقاهرة :
_bدار النهضة المصرية ،
_c2000
300 _a267 ص ؛
_c28 سم
650 0 4 _aعلم النفس الجنائى
650 0 4 _aالسلوك، انحراف
650 0 4 _aالسلوك الاجرامى
650 0 4 _aعلم النفس الجنائى - فلاسفة
942 _2ddc
_cBK
999 _c56993
_d56993